Online Catalogue and eLibrary

Towards a socialist Sri Lanka (Record no. 2298)

MARC details
000 -LEADER
fixed length control field 00364nam a2200145Ia 4500
005 - DATE AND TIME OF LATEST TRANSACTION
control field 20240530005611.0
008 - FIXED-LENGTH DATA ELEMENTS--GENERAL INFORMATION
fixed length control field 240331s9999 xx 000 0 und d
082 ## - DDC Classification
Item Number - Author Mark TOW
Class No. 335
245 #0 - TITLE STATEMENT
Title Towards a socialist Sri Lanka
260 ## - PUBLICATION, DISTRIBUTION, ETC.
Place of publication, distribution, etc. Colombo
Name of publisher, distributor, etc. Centre for society and religion
Date of publication, distribution, etc. 1977
300 ## - PHYSICAL DESCRIPTION
Extent (e.g. Volumes, Pages etc.) 39 p .,
650 ## - SUBJECT ADDED ENTRY--TOPICAL TERM
Topical term or geographic name entry element Political
650 ## - SUBJECT ADDED ENTRY--TOPICAL TERM
Topical term or geographic name entry element socialisum
942 ## - Koha item type (Biblio)
Koha item type Books in Stacks (Lending)
Holdings
Lost status Damaged status Collection code Home library Current library Shelving location Date acquired Full call number Accession Number Item type
    Lending WERC Library WERC Library Social Science Cupboard 03/31/2024 320.531 TOW 184 Books in Stacks (Lending)

© WERC Library